Unit 1 AP Gov Vocab Day 5 - Statistics

General Stats
  • This quiz has been taken 185 times
  • The average score is 9 of 15
Answer Stats
Hint Answer % Correct
values we are all born with natural rights
80%
America's first government where the national government was very weak articles of confederation
73%
document that said the colonists could overthrow the British government because they violated our natural rights declaration of independence
71%
election to remove someone from office is called a recall
69%
one house legislature unicameral
65%
placing boundaries on politicians where the rules apply to everyone limited government
63%
the only way to remove a president is through __ when you charge an official of wrongdoing impeachment
61%
type of democracy where many groups compete to gain more influence pluralist
61%
an agreement where people give up certain rights in exchange for the government maintaining order social contract
61%
idea that a small wealthy group is influencing the government elitist
59%
when citizens vote on a policy on the ballot this is called a referendum
51%
event that proved the national government was too weak to put down an armed uprising because it had no national military __ rebellion shay
51%
type of democracy where citizens have input is called a __ democracy participatory
47%
government power comes from the people is called popular sovereignty
45%
when you need everyone to approve something this is called unanimous
35%
No matching quizzes found
Score Distribution
Percent of People with Each Score
Percentile by Number Answered
Your Score History
You have not taken this quiz